10 plus grandes villes par région de France Métropolitaine - Statistiques

Statistiques générales
  • Ce quiz a été pris 87 fois
  • Le résultat moyen est 70 sur 130
Statistiques - réponses
Hint Réponse Population % Correct
Auvergne-Rhône-Alpes Lyon 519 127
96%
Bretagne Brest 142 346
91%
Bourgogne-Franche-Comté Dijon 161 830
89%
Auvergne-Rhône-Alpes Saint-Etienne 173 136
89%
Auvergne-Rhône-Alpes Grenoble 156 140
87%
Hauts-de-France Lille 238 246
86%
Bretagne Rennes 230 890
86%
Auvergne-Rhône-Alpes Clermont-Ferrand 146 351
84%
Grand Est Strasbourg 293 771
83%
Corse Ajaccio 76 320
80%
Corse Bastia 46 867
80%
Nouvelle-Aquitaine Bordeaux 267 991
80%
Provence-Alpes-Côte d'Azur Nice 357 737
80%
Occitanie Toulouse 514 819
80%
Auvergne-Rhône-Alpes Villeurbanne 163 684
80%
Provence-Alpes-Côte d'Azur Marseille 886 040
79%
Auvergne-Rhône-Alpes Annecy 132 117
78%
Pays de la Loire Nantes 327 734
78%
Île-de-France Paris 2 103 778
78%
Bretagne Lorient 58 329
76%
Grand Est Metz 122 572
76%
Centre-Val de Loire Orleans 116 357
76%
Normandie Caen 109 400
75%
Occitanie Montpellier 310 240
75%
Auvergne-Rhône-Alpes Valence 64 458
75%
Bourgogne-Franche-Comté Besançon 118 489
74%
Centre-Val de Loire Tours 139 259
74%
Normandie Le Havre 166 687
72%
Grand Est Nancy 103 671
72%
Grand Est Reims 177 674
72%
Provence-Alpes-Côte d'Azur Toulon 179 116
72%
Bretagne Vannes 55 790
72%
Hauts-de-France Amiens 136 449
71%
Auvergne-Rhône-Alpes Chambéry 59 964
71%
Bourgogne-Franche-Comté Auxerre 35 097
70%
Normandie Rouen 117 662
70%
Nouvelle-Aquitaine Poitiers 89 916
68%
Pays de la Loire Angers 159 022
67%
Nouvelle-Aquitaine Pau 80 441
67%
Bretagne Saint-Malo 47 439
67%
Provence-Alpes-Côte d'Azur Aix-en-Provence 149 695
66%
Hauts-de-France Dunkerque 86 263
66%
Occitanie Nîmes 151 839
66%
Île-de-France Saint-Denis 149 077
66%
Nouvelle-Aquitaine Bayonne 54 306
64%
Centre-Val de Loire Blois 47 219
64%
Grand Est Mulhouse 104 978
64%
Hauts-de-France Roubaix 98 286
64%
Hauts-de-France Calais 67 571
63%
Pays de la Loire Le Mans 146 249
63%
Nouvelle-Aquitaine Limoges 129 937
63%
Centre-Val de Loire Chateauroux 42 963
61%
Bretagne Saint-Brieuc 44 364
61%
Hauts-de-France Tourcoing 98 772
61%
Centre-Val de Loire Bourges 64 186
59%
Provence-Alpes-Côte d'Azur Cannes 74 350
59%
Nouvelle-Aquitaine La Rochelle 79 851
59%
Bourgogne-Franche-Comté Mâcon 35 177
59%
Grand Est Troyes 62 088
58%
Provence-Alpes-Côte d'Azur Avignon 92 188
57%
Occitanie Béziers 81 545
57%
Centre-Val de Loire Chartres 38 324
57%
Grand Est Colmar 66 970
57%
Île-de-France Boulogne-Billancourt 119 019
55%
Île-de-France Créteil 93 397
55%
Bourgogne-Franche-Comté Belfort 45 912
51%
Bourgogne-Franche-Comté Chalon-sur-Saône 45 102
51%
Normandie Evreux 49 360
51%
Occitanie Narbonne 57 587
51%
Grand Est Chalons-en-Champagne 42 971
50%
Pays de la Loire La Roche-sur-Yon 54 849
50%
Pays de la Loire Laval 49 400
50%
Bourgogne-Franche-Comté Nevers 33 085
50%
Corse Porto-Vecchio 11 198
50%
Hauts-de-France Valenciennes 43 468
50%
Occitanie Montauban 62 945
49%
Pays de la Loire Saint-Nazaire 74 568
49%
Île-de-France Nanterre 97 783
47%
Nouvelle-Aquitaine Niort 59 854
47%
Auvergne-Rhône-Alpes Vénissieux 65 502
47%
Normandie Alençon 25 490
46%
Hauts-de-France Beauvais 55 550
46%
Corse Calvi 5 788
46%
Normandie Cherbourg-en-Cotentin 78 258
46%
Corse Corte 7 819
46%
Grand Est Charleville-Mézières 45 560
45%
Bourgogne-Franche-Comté Dole 23 840
45%
Bretagne Quimper 64 385
45%
Bretagne Concarneau 20 845
42%
Hauts-de-France Saint-Quentin 52 813
42%
Île-de-France Argenteuil 106 130
41%
Île-de-France Montreuil 111 934
41%
Occitanie Perpignan 121 616
41%
Auvergne-Rhône-Alpes Vaulx-en-Velin 53 069
41%
Nouvelle-Aquitaine Pessac 67 339
39%
Occitanie Albi 51 290
38%
Provence-Alpes-Côte d'Azur Hyères 55 858
38%
Bourgogne-Franche-Comté Montbéliard 24 672
38%
Pays de la Loire Cholet 54 404
37%
Provence-Alpes-Côte d'Azur Fréjus 59 719
37%
Bretagne Lannion 20 315
37%
Nouvelle-Aquitaine Mérignac 78 090
37%
Bourgogne-Franche-Comté Sens 27 106
36%
Grand Est Thionville 42 658
36%
Hauts-de-France Villeneuve-d'Ascq 62 868
36%
Occitanie Alès 46 125
34%
Provence-Alpes-Côte d'Azur Antibes 77 637
34%
Occitanie Carcassonne 46 080
34%
Normandie Dieppe 28 496
34%
Île-de-France Vitry-sur-Seine 93 963
32%
Centre-Val de Loire Joué-lès-Tours 38 423
30%
Centre-Val de Loire Vierzon 25 068
30%
Nouvelle-Aquitaine Brive-la-Gaillarde 47 095
29%
Provence-Alpes-Côte d'Azur La Seyne-sur-Mer 63 732
29%
Pays de la Loire Saint-Herblain 50 973
29%
Corse Borgo 10 311
26%
Île-de-France Colombes 91 053
24%
Centre-Val de Loire Dreux 31 543
24%
Normandie Le Grand-Quevilly 25 789
24%
Pays de la Loire Les Sables-d'Olonne 49 603
24%
Pays de la Loire Rezé 43 556
22%
Bretagne Lanester 23 263
21%
Corse Furiani 6 585
18%
Île-de-France Asnières-sur-Seine 93 941
16%
Corse Biguglia 7 642
16%
Normandie Sotteville-lès-Rouen 29 003
16%
Centre-Val de Loire Olivet 23 507
14%
Normandie Saint-Etienne-du-Rouvray 29 518
12%
Corse Lucciana 6 923
7%
Corse Bastelicaccia 4 411
5%
Aucun quiz correspondant
Distribution des résultats
% des personnes avec chaque résultat
Percentile par nombre de réponses
Votre historique - résultats
Vous n’avez pas pris ce quiz